Official Norwegian Holidays - Statistics

General Stats
  • This quiz has been taken 22 times
  • The average score is 8 of 13
Answer Stats
Hint Answer % Correct
December 25th Christmas day
91%
January 1st New year's day
91%
Sunday after the first full moon after the spring equinox Easter sunday
82%
December 26th Boxing day
64%
May 1st International workers' day
64%
Thursday six weeks after #5 Ascension thursday
55%
Monday after #5 Easter monday
55%
Friday before #5 Good friday
55%
Thursday before #5 Maundy thursday
55%
Sunday before #5 Palm sunday
55%
Monday after #10 Whitmonday
55%
Sunday seven weeks after #5 Whitsunday
55%
May 17th Constitution day
45%
No matching quizzes found
Score Distribution
Percent of People with Each Score
Percentile by Number Answered
Your Score History
You have not taken this quiz